Sepulcros megalíticos de la comarca de Vic / por Ricardo Batista Noguera...
Publicado:
Barcelona :
Instituto de Prehistoria y Arqueología de la Diputación Provincial de Barcelona ,
1963
Descripción Física:
VII p. : il. ; [37] fitxes : il. ; 28 cm
Colección:
Corpus de Sepulcros Megalíticos. España ; 2
MARC
| LEADER | 00000nam a2200000Ia 4500 | ||
|---|---|---|---|
| 001 | 1848 | ||
| 008 | 160829s1963 xx 000 0 cat d | ||
| 080 | |a H-1-284 | ||
| 100 | |a Batista i Noguera, Ricard |9 31632 | ||
| 245 | |a Sepulcros megalíticos de la comarca de Vic / por Ricardo Batista Noguera... | ||
| 260 | |a Barcelona : |b Instituto de Prehistoria y Arqueología de la Diputación Provincial de Barcelona, |c 1963 | ||
| 300 | |a VII p. : |b il. ; |c [37] fitxes : il. ; |c 28 cm | ||
| 490 | |a Corpus de Sepulcros Megalíticos. España ; 2 | ||
| 650 | |a Tombes |x Vic |9 31633 | ||
| 650 | |a Megàlits |x Vic |9 31634 | ||
| 650 | |a Dòlmens |x Vic I |9 31635 | ||
| 650 | |a Vic |x Arqueologia |9 31636 | ||
| 710 | 2 | |a Instituto de Prehistoria y Arqueología (Barcelona, Catalunya) |9 54255 | |
| 901 | |a Arxiu | ||
| 942 | |n 1 |2 udc | ||
| 952 | |0 0 |1 0 |4 0 |6 H1284 |7 1 |9 45700 |a Arxiu |b Arxiu |d 2016-12-01 |l 0 |o H-1-284 |p 1848 |r 2016-12-01 00:00:00 |w 2016-12-01 |y ARXIU | ||
| 999 | |c 49200 |d 49200 | ||